00000000nam##2200000za#4500
0019.532444
003CaOODSP
00520200327080059
007ta
008150406|1999||||xxc|||||     f|0| 0 eng|d
020 |a0-660-61034-5
040 |aCaOODSP|beng
041 |aeng
041 |afre
043 |an-cn---
0861 |aBT31-4/22-1999
1101 |aCanada. |bTreasury Board.
24510|aCanadian Centre for Occupational Health and Safety
260 |aOttawa - Ontario : |bTreasury Board of Canada Secretariat |c1999.
300 |aEnglish text, 24p. : |btables ; |c28 cm.
4901 |aPerformance report for the period ending March 31, 1999
546 |aBilingual
563 |aSoftcover
590 |a99-43|b1999-10-29
69007|aBudgets|2gcpds
69007|aFinancial management|2gcpds
69007|aProductivity|2gcpds
7760#|tCanadian Centre for Occupational Health and Safety, performance report for the period ending March 31, 1999 |w(CaOODSP)9.569002
7760#|tCentre canadien d'hygiène et de sécurité au travail, rapport sur le rendement pour la période se terminant le 31 mars 1999 |w(CaOODSP)9.600244
792 |tCentre canadien d'hygiène et de sécurité au travail |efre|w(CaOODSP)9.532445
830#0|aPerformance report for the period ending March 31, 1999.|w(CaOODSP)9.508976